00664cam a2200181 4500008004100000020001500041035001200056111006900068245013500137250001100272260003400283300002600317504002700343506001300370650003000383650003000413710003900443060302s2000 mx 000 0 spa u a9701504941 aa4525362 aConferencia Internacional del Trabajo (86a d, 1998 :cGinebra)13aEl trabajo infantil :bLo intolerable en el punto de mira :b sexto punto del orden del día /cOficina Internacional del Trabajo a1a ed. aMéxico :bAlfaomega, c2000 aiv, 133 p. ;c 23 cm. aIncluye pies de pagina aPifi 3.1 7aTrabajo de niños 2Lemb 7aProblemas sociales 2Lemb2 aOficina Internacional del trabajo